000 00874nam a2200217Ia 4500
008 101110s9999 xx 000 0 und d
041 _aMARATHI
082 _bSR28530
100 _aBodhankar Sudhir , Kanetkar Medha
245 _aPaisa, aadhikoshan, rajasva aani aantarrashtriya arthashatra (Money, banking, public finance and international economics) B.A. bhag-2
260 _c2003
_bShri Sainath Prakashan, Nagpur
300 _a256
365 _b150
520 _aEconomics
546 _aMARATHI
630 _aPaisa, aadhikoshan, rajasva aani aantarrashtriya arthashatra (Money, banking, public finance and international economics) B.A. bhag-2
650 _aEconomics
655 _aEconomics
730 _aPaisa, aadhikoshan, rajasva aani aantarrashtriya arthashatra (Money, banking, public finance and international economics) B.A. bhag-2
942 _cBOOK
999 _c821063
_d821060